000 00476nam a2200181Ia 4500
001 71238
008 160226s9999 xx 000 0 und d
020 _a9781447261452
040 _cPK-LaUMT
082 _a 616.8524
_bSHO-H
100 _aShowalter, Elaine
245 _aHystories
_bhysterical epidemics and modern culture
_cShowalter, Elaine
260 _aLondon,UK:
_bMacmillan Publishers,
_c1998
300 _a244 p.
546 _aEN
650 _aHysteria
942 _cBK
999 _c83601
_d83601